Coin toss - Statistics

General Stats
  • This quiz has been taken 39 times
  • The average score is 3 of 7
Answers on the Grid
Answers color-coded by a green-red scale on the quiz's grid according to % correct below.
Heads
Tails
Heads
Tails
Heads
Tails
Heads
Tails
Heads
Tails
Heads
Tails
 
Answer Stats
Answer % Correct
Heads
96%
Heads
57%
Heads
43%
Tails
39%
Tails
30%
Tails
30%
Heads
22%
No matching quizzes found
Score Distribution
Percent of People with Each Score
Percentile by Number Answered
Your Score History
You have not taken this quiz